000 00504nmm a2200169Ia 4500
008 251105s9999||||xx |||||||||||||||||und||
020 _a9788497492553
041 _aspa
100 _aMarcos Malmierca, José Luis
245 0 _aSistemas reflejos :
_b Investigación y aplicaciones
264 _a[Madrid, España] :
_bUniversidade da Coruña,
_c2007
300 _a121 páginas
490 _aMonografías
650 _aMedicine
856 _uhttps://public.digitaliapublishing.com/a/9143
942 _cCF
999 _c90556
_d90556